|
|
|
|
| LEADER |
01418nab#a2200373#ar4500 |
| 001 |
000099862 |
| 003 |
SVKKK |
| 005 |
20100721061824.0 |
| 008 |
080707d1906 xo |||||||||||||||b|hun |
| FMT |
|
|
|
| 038 |
|
|
|a SVKKK
|
| 040 |
|
|
|a SVKKK
|b slo
|e AACR2
|
| 041 |
0 |
|
|a hun
|
| 044 |
|
|
|a xo
|c SK
|
| 080 |
|
|
|a 348.415
|2 1997
|
| 080 |
|
|
|a 929 Rákoci, František 2.
|2 1997
|
| 242 |
1 |
0 |
|a Uloženie telesných pozostatkov Rákociho
|y slo
|
| 245 |
1 |
0 |
|a Rákoci hamvainak temetése
|
| 500 |
|
|
|a Popis z mikrofilmu
|
| 520 |
2 |
|
|a Konečný verdikt o ceste po ktorej povezú telesné pozostatky sedmohradského kniežaťa Františka 2. Rákociho a pietne zastávky. Košice - Dóm sv. Alžbety miesto posledného odpočinku. V Košiciach bude pozostatky doprevádzať aj pešia bandelária zo Zemplína
|
| 600 |
1 |
4 |
|a Rákoci, František
|b II.
|d 1676-1735
|x sedmohradské knieža, spisovateľ
|z Borša (Slovensko)
|x rodák
|z Tekirgad (Turecko)
|x úmrtie
|x prevezenie telesných pozostatkov
|z Košice (Slovensko)
|y 1906
|
| 650 |
0 |
4 |
|a telesné pozostatky
|x prevezenie pietne
|z Košice (Slovensko)
|y 1906
|
| 655 |
|
4 |
|a hungariká
|
| 773 |
0 |
|
|t Felsőmagyarországi Hirlap : Politikai ujság
|g Roč. 9, č. 76 (26.09.1906) s. 3
|
| 957 |
|
|
|a Košice
|
| 957 |
|
|
|a Borša
|
| 958 |
|
|
|a DG
|
| 958 |
|
|
|a HU
|
| 974 |
|
|
|a Ba
|
| 992 |
|
|
|a RBX
|
| 997 |
|
|
|a Rákoci, Farntišek 2.
|d Borša
|
| 997 |
|
|
|d Košice
|
| BAS |
|
|
|
| 998 |
|
|
|a RETRO
|